Statistics for Letters that start only one country

Click here to take the quiz!

General Stats

  • This quiz has been taken 504 times
  • The average score is 4 of 6

Answer Stats

TypeLetter/Country% Correct
LetterO
92%
LetterQ
89%
LetterY
86%
CountryOman
62%
CountryQatar
58%
CountryYemen
58%

Score Distribution

Percentile by Number Answered

Percent of People with Each Score

Your Score History

You have not taken this quiz